000 00739nam a2200193 a 4500
001 000038766
005 20201002031350.0
008 130422s2007 dr 000 0 spa d
020 _a9789945425154
100 1 _aMoricete Fabián, Bernabel
_965070
245 1 4 _aLas medidas cautelares y las sanciones :
_bejecución en la justicia penal juvenil /
_cBernabel Moricete Fabián, Carmen Rosa Hernández, Juan Sabino Ramos.
260 _aSanto Domingo, :
_bEscuela Nacional de la Judicatura,
_c2007.
300 _a122 p. ;
_c28 cm.
500 _aLa biblioteca posee la tercera reimpresión del 2010.
504 _aBibliografía p: 120
700 1 _aHernández, Carmen Rosa
_98569
700 1 _aSabino Ramos, Juan
_965071
999 _c38256
_d38256
040 _aDO-SdBNP